Missing Word: 'S' Blitz Quiz Stats

 Plays Quiz Updated Mar 10, 2018

Score 0/30 Timer 01:30
3 Plays Today
Hint Answer % Correct
____ WarsStar
85%
_____ and the CitySex
84.5%
United _____ of AmericaStates
84.3%
The Rolling ______Stones
84.3%
Mediterranean ___Sea
84%
___ feet underSix
83.3%
Meryl _______Streep
82%
Maple _____syrup
80.8%
American ____ LanguageSign
80.5%
Not over till the fat lady _____sings
80%
2001: A _____ OdysseySpace
78.9%
________ BeautySleeping
77.7%
____ Money. Live Better.Save
77%
______ & CherSonny
75.9%
William ___________Shakespeare
75.4%
Hint Answer % Correct
_____ witch trialsSalem
75.2%
____ operaSoap
73.9%
______ PutShot
73.3%
Sense and ___________Sensibility
72.5%
Keep it ______, stupidsimple
71%
Meteor ______shower
70.9%
Severus _____Snape
66%
_____ eyessnake
61.6%
Multiple _________sclerosis
56.8%
______ as an oxStrong
54.9%
____ speedshutter
52%
Why so _______?serious
49.9%
___ Tomé and PríncipeSão
48.9%
Great ______ of GizaSphinx
46.1%
’O ____ miosole
38.7%

Today's Daily Dose

Missing Word
Celine Dion

Word Ladder
Dr. Seuss Books

Quick Pick
Cities in India

Get the Picture
'A' Actresses

You're not logged in!

Compare scores with friends on all Sporcle quizzes.
OR
Log In

Sporcle TV

Today on Sporcle TV


Watch our educational content, quiz creation guides, and fun videos on Sporcle TV.

Show Comments

Extras

Top Quizzes Today


Score Distribution

Your Account Isn't Verified!

In order to create a playlist on Sporcle, you need to verify the email address you used during registration. Go to your Sporcle Settings to finish the process.

Report this User

Report this user for behavior that violates our Community Guidelines.

Details: